Vzorový výpočet charakteristických parametrov vyraďovania vybraného objektu jadrovej elektrárne A-1
Gespeichert in:
| 1. Verfasser: | |
|---|---|
| Weitere Verfasser: | |
| Format: | Manuskript Buch |
| Sprache: | Slowakisch |
| Veröffentlicht: |
Bratislava :
STU v Bratislave FEI,
2001
|
| Schlagworte: | |
| Tags: |
Keine Tags, Fügen Sie das erste Tag hinzu!
|
MARC
| LEADER | 00000ntm a22000003a 4500 | ||
|---|---|---|---|
| 001 | stu73333 | ||
| 005 | 20160719164808.4 | ||
| 008 | 020124s2001------------------------slo-d | ||
| 040 | |a STU |b slo | ||
| 041 | 0 | |a slo | |
| 100 | 1 | |a Nádaský, Ľubomír |4 aut | |
| 245 | 1 | |a Vzorový výpočet charakteristických parametrov vyraďovania vybraného objektu jadrovej elektrárne A-1 | |
| 260 | |a Bratislava : |b STU v Bratislave FEI, |c 2001 | ||
| 300 | |a 62 s | ||
| 650 | 7 | |a Elektroenergetické a silnoprúdové inžinierstvo |2 stusub | |
| 700 | 1 | |a Polák, Vincent |4 ths | |